International conference on science communication for scientific temper (Record no. 19382)

MARC details
000 -LEADER
fixed length control field 00620nam a2200181Ia 4500
003 - CONTROL NUMBER IDENTIFIER
control field IN-BaIIA
008 - FIXED-LENGTH DATA ELEMENTS--GENERAL INFORMATION
fixed length control field 211028s9999 xx 000 0 eng d
040 ## - CATALOGING SOURCE
Transcribing agency IIA Library
080 ## - UNIVERSAL DECIMAL CLASSIFICATION NUMBER
Universal Decimal Classification number 5(082)
Item number INT
110 ## - MAIN ENTRY--CORPORATE NAME
Corporate name or jurisdiction name as entry element National Institute of Science Communication and Information
9 (RLIN) 37062
245 #0 - TITLE STATEMENT
Title International conference on science communication for scientific temper
Statement of responsibility, etc. National Institute of Science Communication and Information
260 ## - PUBLICATION, DISTRIBUTION, ETC.
Place of publication, distribution, etc. New Delhi
Name of publisher, distributor, etc. NISCAIR
Date of publication, distribution, etc. 2012
300 ## - PHYSICAL DESCRIPTION
Extent 459p.
650 ## - SUBJECT ADDED ENTRY--TOPICAL TERM
Topical term or geographic name entry element Conference
9 (RLIN) 37063
650 ## - SUBJECT ADDED ENTRY--TOPICAL TERM
Topical term or geographic name entry element Science communication
9 (RLIN) 37064
650 ## - SUBJECT ADDED ENTRY--TOPICAL TERM
Topical term or geographic name entry element Scientific temper
9 (RLIN) 37065
942 ## - ADDED ENTRY ELEMENTS (KOHA)
Koha item type Books
Holdings
Withdrawn status Lost status Damaged status Not for loan Home library Current library Shelving location Date acquired Source of acquisition Total Checkouts Full call number Barcode Date last seen Price effective from Koha item type
        IIA Library-Bangalore IIA Library-Bangalore General Stacks 31/12/2018 PAC   5(082)/ INT 20304 05/11/2021 31/12/2018 Books

Powered by Koha